000 00912na a2200277 4500
001 16929
003 MIRAKIL
005 20181213154811.0
008 161017b tu 000 0
020 _a9786055614584
040 _aMilas
_btur
_cTR-AnCHP
041 _atur
082 _a345.05270262
_bT96t 2011
090 _a345.05270262 T96t 2011
110 _aTürkiye Barolar Birliği İnsan Hakları Merkezi
245 _aTutuklama raporu
_cTürkiye Barolar Birliği İnsan Hakları Merkezi
250 _agünc. 2. bs.
260 _aAnkara
_bTürkiye Barolar Birliği
_c2011
300 _axi, 82 s.
_c21 sm.
440 _aTürkiye Barolar Birliği yayınları
_v183
490 _aRapor dizisi
_v1
490 _aTBB İnsan Hakları Merkezi yayını
_v9
650 _aCeza muhakemeleri usulü
_xTutuklama
_yRaporlar
_zTürkiye
650 _aCeza hukuku
_xTutuklama
_yRaporlar
_zTürkiye
942 _2ddc
_cBKS
999 _c1073
_d1073